00482nam a22001577a 450000500170000001000150001702000260003203500140005803700130007208200120008510000260009724500800012326000430020327000580024630000200030420231108161217.0 aENG-138352 c695.00a9789383277421 aEN-121884 bDBAD/PUB a954.920 aKulshreshtha, Abhiram a50 Famous Wars/Battles in Indian history/cby Abhiram kulshreshthahEnglish c2022bMatrix PublishersaKashmere Gate aAtmaram Building,1376,Ground FloorbNew Delhie110006 a168p.c22cm(hb)